Machines who think
Uloženo v:
| Hlavní autor: | |
|---|---|
| Médium: | Kniha |
| Jazyk: | Undetermined |
| Vydáno: |
San Francisco
W. H. Freeman and Company
1979
|
| Témata: | |
| Tagy: |
Přidat tag
Žádné tagy, Buďte první, kdo otaguje tento záznam!
|
| Thư viện lưu trữ: | Trung tâm Học liệu Trường Đại học Cần Thơ |
|---|
| LEADER | 00518nam a2200193Ia 4500 | ||
|---|---|---|---|
| 001 | CTU_84160 | ||
| 008 | 210402s9999 xx 000 0 und d | ||
| 082 | |a 001.53 | ||
| 082 | |b M129 | ||
| 100 | |a Mccorduck, Pamela | ||
| 245 | 0 | |a Machines who think | |
| 245 | 0 | |c Pamela Mccorduck | |
| 260 | |a San Francisco | ||
| 260 | |b W. H. Freeman and Company | ||
| 260 | |c 1979 | ||
| 650 | |a Artificial intelligence | ||
| 650 | |x History | ||
| 904 | |i Qhieu(sửa) | ||
| 980 | |a Trung tâm Học liệu Trường Đại học Cần Thơ | ||